Actors who Achieved the Triple Crown of Acting (Oscar, Emmy, Tony) - Statistics

General Stats
  • This quiz has been taken 75 times
  • The average score is 5 of 24
Answer Stats
When Years Total Wins Actor % Correct
2017 16 4 Viola Davis
60%
2003 33 7 Maggie Smith
44%
2004 35 5 Al Pacino
43%
1977 15 4 Rita Moreno
35%
2018 47 6 Glenda Jackson
33%
2015 19 6 Helen Mirren
33%
2015 18 5 Frances McDormand
29%
1953 21 5 Helen Hayes
22%
1960 15 6 Ingrid Bergman
21%
1968 8 4 Melvyn Douglas
19%
2011 38 5 Christopher Plummer
17%
2016 33 6 Jessica Lange
17%
1989 42 5 Jessica Tandy
17%
2009 34 4 Ellen Burstyn
14%
1999 41 4 Anne Bancroft
13%
1997 13 4 Jeremy Irons
13%
2003 25 4 Vanessa Redgrave
11%
2009 12 3 Geoffrey Rush
10%
1981 31 4 Maureen Stapleton
10%
1969 7 3 Paul Scofield
10%
1962 13 6 Shirley Booth
10%
1975 10 4 Jack Albertson
8%
1988 29 4 Jason Robards
8%
1953 13 3 Thomas Mitchell
6%
No matching quizzes found
Score Distribution
Percent of People with Each Score
Percentile by Number Answered
Your Score History
You have not taken this quiz